• 首页
  • 本馆介绍
  • 公告通知
  • 最新文献
  • 馆藏检索
  • 电子资源
  • 读者导购
  • 参考咨询
  • 我的图书馆
  • 登录
  • 详细信息显示
  • 放入我的书架
  • 预约/预借图书
  • 作者相关作品
  • 分类相关作品
  • 丛书相关作品
  • 出版社相关作品

书目信息

  • 表格格式
  • 工作单格式
  • 卡片格式
题名:
当代大学生生命教育
    
 
作者: 路杨 著
分册:  
出版信息: 武汉   武汉大学出版社  2014.12
页数: 157页
开本: 26cm
丛书名:
单 册:
中图分类: B083
科图分类:
主题词: 生命哲学--高等学校--教材
电子资源:
ISBN: 978-7-307-15026-3
000 00846nam0 2200253 450
001 0120151522009
005 20160614144027.71
010    @a978-7-307-15026-3@dCNY28.00
100    @a20150313d2014 em y0chiy50 ea
101 0  @achi
102    @aCN@b420000
105    @ay z 000yy
106    @ar
200 1  @a当代大学生生命教育@9dang dai da xue sheng sheng ming jiao yu@f路杨著
210    @a武汉@c武汉大学出版社@d2014.12
215    @a157页@d26cm
300    @a高等院校通识教育系列教材
330    @a本书共分为七章,主要内容包括:生命教育:人类教育大厦之基;唤醒意识:大学生生命教育之魂;直面过程:自然生命必须承受之重;和谐关系:社会生命永恒之举(上)等。
333    @a大学生
606 0  @a生命哲学@x高等学校@j教材
690    @aB083@v5
701  0 @a路杨@9lu yang@4著
801  0 @aCN@b人天书店@c20150313
905    @b879196-201@dB083@e55@f6
    
    当代大学生生命教育/路杨著.-武汉:武汉大学出版社,2014.12
    157页;26cm
    高等院校通识教育系列教材.-使用对象:大学生
    
    ISBN 978-7-307-15026-3:CNY28.00
    本书共分为七章,主要内容包括:生命教育:人类教育大厦之基;唤醒意识:大学生生命教育之魂;直面过程:自然生命必须承受之重;和谐关系:社会生命永恒之举(上)等。
●
相关链接 在E读中查询图书 在五车中查询图书 在当当中查询图书 在豆瓣中查询图书


正题名:当代大学生生命教育     索取号:B083/55         预约/预借

序号 登录号 条形码 馆藏地/架位号 状态 备注
1 879196   208791967   第一样本阅览室/ [索取号:B083/55] 在馆    
2 879197   208791976   教育系资料室/ [索取号:B083/55] 在馆    
3 879198   208791985   教育系资料室/ [索取号:B083/55] 在馆    
4 879199   208791994   教育系资料室/ [索取号:B083/55] 在馆    
5 879200   208792001   第一借阅区/ [索取号:B083/55] 在馆    
6 879201   208792010   第一借阅区/ [索取号:B083/55] 在馆    
唐山师范学院图书馆 欢迎您!
大连网信软件有限公司© 版权所有